Text book on computer programming: (Record no. 180916)
[ view plain ]
| 000 -LEADER | |
|---|---|
| fixed length control field | 00855nam a2200241Ia 4500 |
| 003 - CONTROL NUMBER IDENTIFIER | |
| control field | OSt |
| 005 - DATE AND TIME OF LATEST TRANSACTION | |
| control field | 20230727142424.0 |
| 008 - FIXED-LENGTH DATA ELEMENTS--GENERAL INFORMATION | |
| fixed length control field | 210716s1987 xx 000 0 und d |
| 040 ## - CATALOGING SOURCE | |
| Transcribing agency | AIMIT LIBRARY |
| 041 ## - LANGUAGE CODE | |
| Language code of text/sound track or separate title | eng |
| 082 ## - DEWEY DECIMAL CLASSIFICATION NUMBER | |
| Classification number | 005.1 |
| Edition number | 1 |
| Item number | RAMS |
| 100 ## - MAIN ENTRY--PERSONAL NAME | |
| Personal name | Ramani. S. |
| 9 (RLIN) | 128679 |
| 245 ## - TITLE STATEMENT | |
| Title | Text book on computer programming: |
| Remainder of title | with industrial and engineering applications / |
| Statement of responsibility, etc. | By S Ramani, N V Koteswara Rao and R Nagarajan. |
| 250 ## - EDITION STATEMENT | |
| Edition statement | 1st ed. |
| 260 ## - PUBLICATION, DISTRIBUTION, ETC. | |
| Place of publication, distribution, etc. | New Delhi : |
| Name of publisher, distributor, etc. | CBS Publishers and Distributors , |
| Date of publication, distribution, etc. | 1987. |
| 300 ## - PHYSICAL DESCRIPTION | |
| Extent | xv,373p. ; |
| Other physical details | PB |
| Dimensions | 21 cm. |
| 650 ## - SUBJECT ADDED ENTRY--TOPICAL TERM | |
| Topical term or geographic name entry element | Arithmetic expressions and statements |
| 9 (RLIN) | 128680 |
| 650 ## - SUBJECT ADDED ENTRY--TOPICAL TERM | |
| Topical term or geographic name entry element | Input output and format statements |
| 9 (RLIN) | 128681 |
| 650 ## - SUBJECT ADDED ENTRY--TOPICAL TERM | |
| Topical term or geographic name entry element | Additional fortran statements |
| 9 (RLIN) | 128682 |
| 700 ## - ADDED ENTRY--PERSONAL NAME | |
| Personal name | Rao, N V Koteswara. |
| 9 (RLIN) | 128683 |
| 700 ## - ADDED ENTRY--PERSONAL NAME | |
| Personal name | Nagarajan, R. |
| 9 (RLIN) | 128684 |
| 942 ## - ADDED ENTRY ELEMENTS (KOHA) | |
| Source of classification or shelving scheme | Dewey Decimal Classification |
| Koha item type | Book |
| Edition | 1st ed. |
| Call number prefix | 005.1 RAMS |
| Withdrawn status | Lost status | Source of classification or shelving scheme | Damaged status | Not for loan | Collection code | Home library | Current library | Date acquired | Total Checkouts | Full call number | Barcode | Date last seen | Price effective from | Koha item type |
|---|---|---|---|---|---|---|---|---|---|---|---|---|---|---|
| Dewey Decimal Classification | MCA | St Aloysius Institute of Management & Information Technology | St Aloysius Institute of Management & Information Technology | 07/16/2021 | 005.1 RAMS | MCA00424 | 07/21/2025 | 07/16/2021 | Book |